| 000 | 01214nam a2200229Ia 4500 | ||
|---|---|---|---|
| 003 | Ost | ||
| 005 | 20260416102355.0 | ||
| 008 | 260416s9999||||xx |||||||||||||| ||und|| | ||
| 040 | _cfsecg | ||
| 041 | _aara | ||
| 082 | _a339 | ||
| 100 |
_aدعمي، محمد _eمؤلف |
||
| 245 | 0 |
_aالسياسات الاقتصادية الكلية : _bالسياسة المالية والسياسة النقدية / _c محمد دعمي |
|
| 260 |
_aالجزائر _bجامعة الجزائر3: كلية العلوم الإقتصادية، العلوم التجارية وعلوم التسيير _c2020 |
||
| 300 |
_a152 ورقة _bايضاحات _c30 سم |
||
| 504 | _aمراجع ص.149 | ||
| 520 | _aالسياسة الاقتصادية الكلية و السياسة المالية و سياسة الانفاق العام مع التطرق الى السياسة الضريبية و سياسة الدين العام و السياسة النقدية. | ||
| 653 | _aالاقتصاد الكلي | ||
| 653 | _aالمالية العامة | ||
| 710 |
_aجامعة الجزائر3: كلية العلوم الإقتصادية، العلوم التجارية وعلوم التسيير _eناشر علمي |
||
| 942 | _cHANDOUT | ||
| 999 |
_c41192 _d41192 |
||